Енциклопедія Сучасної України (Запис № 17346)

000 -Маркер запису
Контрольне поле сталої довжини 01850nam a22002777a 4500
003 - Належність контрольного номера
Контрольне поле Uzh_bibl
008 - Кодовані дані
Контрольне поле сталої довжини 260415b |||||||| |||| 00| 0 ukr d
020 ## - Індекс ISBN
ISBN 978-966-02-4458-0
Ціна 130.00
040 ## - Джерело каталогіз.
Код мови каталог. укр.
041 ## - Код мови видання
Код мови оригіналу українська
Код мови тексту українська
080 ## - Індекс УДК
Індекс УДК 30(477)
090 ## - Шифри
Поличний індекс 30(477)
Авторський знак Е64
100 ## - Автор
Автор -
245 ## - Назва
Назва Енциклопедія Сучасної України
Продовж. назви Т. 8: Дл - Дя.
Відповідальність корект. Т.Берзюк, І.Журило та ін; іл. Р.Кацалам; обкл. В.Єрмак. та ін.
Фізичний носій Текст
260 ## - Вихідні дані
Місце видання Київ
Видавництво ТОВ "Твори"
Дата видання 2008
300 ## - Фізичний опис
Обсяг 715 с.
Ілл./тип відтвор. іл.
Тип одиниці В опр.
490 ## - Серія
№ тому Том 8
520 ## - Анотація
Анотація Енциклопедія Сучасної України - перше багатотомне видання про Україну всіх вимірах від початку 20 століття до сьогодення. Енциклопедія подає цілісний образ новітньої України в подіях, інституціях, установах, родах діяльності, поняттях, особах. Охоплює всі сфери життя в Україна, відображає сучасні погляди на історичні події та постаті. У восьмому томі подано 3063 гасел,2566 чорно-білих та 541 кольорових ілюстрацій, 14 карт, 5 таблиць і схем.
521 ## - Примітка про цільове призначення
Примітка про цільове призначення Для широкого кола читачів
546 ## - Примітка про мову
Примітка про мову укр.
650 ## - Тематичні рубрики
Основна рубрика Довідкове видання
653 ## - Ключові слова
Ключові слова Енциклопедія.
-- Україна.
655 ## - Термін індексування — жанр/форма
Жанр/форма Науково-популярне видання
Типове ділення Енциклопедія
700 ## - Інші автори
Інші автори І.Дзюба, А.Жуковський, М.Железняк та ін.
942 ## - ADDED ENTRY ELEMENTS (KOHA)
Джерело класифікації чи схема поличного розташування
Koha item type Книги
Фонди
Статус вилучення Статус втрати/відсутності Джерело класифікації чи схема поличного розташування Статус пошкодження Тип обігу (не для випозичання) Постійне розташування Поточне розташування Розташування у відділі Дата надходження Інвентарний номер Total Checkouts Повний (примірниковий) шифр зберігання Штрих-код Date last seen Дата, для якої чинна ціна заміни Тип одиниці (рівень примірника)
          Бібліотека-філія №2 Бібліотека-філія №2 Читальна зала старший відділ 15/04/2026 57818   030(477) 19693 15/04/2026 15/04/2026 Книги

Працює на АБІС Коха